ნორმალური ფორმატი
MARC ფორმატი
ჩანაწერი Corporate Name
ჩანაწერთა რაოდენობა, რომელიც გამოყენებულია: 1
001 - CONTROL NUMBER
- control field: 19070
003 - CONTROL NUMBER IDENTIFIER
- control field: GE_BSU
005 - DATE AND TIME OF LATEST TRANSACTION
- control field: 20230629120143.0
008 - FIXED-LENGTH DATA ELEMENTS
- fixed length control field: 230629|| aca||aabn | a|a d
040 ## - CATALOGING SOURCE
- Original cataloging agency: GE_BSU
- Transcribing agency: GE_BSU
110 ## - HEADING--CORPORATE NAME
- Corporate name or jurisdiction name as entry element: თსუ
- Subordinate unit: კლასიკ. ფილოლ., ბიზანტ. და ნეოგრეც. ინ-ტი.
670 ## - SOURCE DATA FOUND
- Source citation: Work cat.: (GE_BSU): ალექსიძე, ზაზა 19069, ალბანური მწერლობის ძეგლი სინას მთაზე და მისი მნიშვნელობა კავკასიოლოგიისათვის = Georgian-Albanian palimpsest on Mt. Sinal and its relevance to caucasian studies = Памятник албанской письменности на синайской горе и его значение для кавказоведения /
